000 04606nab a2200313 i 4500
003 BR-BrBNA
005 20240515130026.0
008 240515b2014 bl.qr|pooa||| 00| 0 por |
040 _aBR-BrBNA
_bpor
072 _aF60
072 _aH20
100 _aAquino, C.F.
100 _aSales, N.L.P.
100 _aSoares, E.P.S.
100 _aMartins, E.R.
100 _aCosta, C.A.
245 _aComposição química e atividade in vitro de três óleos essenciais sobre Colletotrichum gloeosporioides do maracujazeiro
500 _aPublicação on-line; 25 ref.; 2 tables; 3 illus.; Summaries (En, Pt)
520 _a RESUMO: Objetivou-se avaliar a ação de diferentes concentrações de óleos essenciais de três plantas medicinais sobre o crescimento micelial, a produção e a germinação de conídios de Colletotrichum gloeosporioides (Penz.). Utilizou-se os óleos essenciais de Lippia sidoides Cham., Cymbopogon citratus (DC) Stapf.) e Ocimum gratissimum L. em cinco concentrações (0 µL mL-1, 1 µL mL-1, 3 µL mL-1, 5 µL mL-1 e 7 µL mL-1) com 4 repetições no delineamento inteiramente casualizado, em esquema fatorial 5x3. Os óleos foram analisados por cromatografia gasosa acoplada com espectrometria de massas. Para todas as características verificou-se efeito significativo da interação “Óleo” versus “Concentração”. O óleo essencial de C. citratus proporcionou a maior inibição do crescimento micelial em todas as concentrações testadas. Os outros óleos não se diferenciaram, exceto a partir da concentração de 5 µL mL-1, onde o óleo de L. sidoides foi superior ao óleo de O. gratissimum. Na produção e germinação de conídios, o óleo de C. citratus, foi superior aos óleos de L. sidoides e de O. gratissimum nas concentrações de 1 µL mL-1 e 3 µL mL-1, inibindo completamente a produção e germinação a partir da concentração de 3 µL mL-1. As concentrações influenciam em todas as variáveis, ajustando-se à equação do modelo linear. Observa-se o decréscimo nessas, à medida em que se aumentam as concentrações dos óleos testados. Os óleos essenciais testados possuem efeito fungitóxico e fungistático. Palavras-chave: Colletotrichum gloeosporioides, compostos vegetais, controle de fitopatógenos
520 _a ABSTRACT: Chemical composition and in vitro activity of three essential oils on Colletotrichum gloeosporioides from passion fruit. The objective of this study was to evaluate the action of different concentrations of essential oils of three medicinal plants on the mycelial growth, production and conidial germination of Colletotrichum gloeosporioides (Penz.). We used a completely randomized design, in a 5x3 factorial design, being five concentrations (0 µL mL-1, 1 µL mL-1, 3 µL mL-1, 5 µL mL-1 e 7 µL mL-1) x three oils from Lippia sidoides Cham., Cymbopogon citratus (DC) Stapf. and Ocimum gratissimum L., with four replications. The oils were analyzed by gas chromatography with mass spectrometry. There was a significant interaction of concentration versus species on all analyzed traits. The essential oil from C. citratus yielded the highest mycelial growth inhibition at all concentrations. The other oils were not differentiated, except at the concentration of 5μL mL-1, in which the oil of L. sidoides was more efficient that the oil of O. gratissimum. In conidial production and germination, the oil of C. citratus was superior to the oil of L. sidoides and O. gratissimum at the concentrations of 1 µL mL-1 and 3 µL mL-1, as it completely inhibited the production and germination of conidia at the concentrations of 3 µL mL-1 and above. The concentrations influenced all the variables, adjusting themselves to the linear model equation. We observed a decrease in the variables, as the concentrations of the oils tested are increased. The essential oils used have antifungal and fungicidal effect. Keywords: Colletotrichum gloeosporioides, vegetable compounds, control of phytopathogens.
650 _aCOLLETOTRICHUM GLOEOSPORIOIDES
650 _aCOMPOSIÇÃO QUÍMICA
650 _aCONTROLE
650 _aDOENÇA DE PLANTA
773 0 _03543
_9315250
_dBotucatu-SP Instituto de Biociências - Departamento de Química e Bioquímica 1998
_o2024-1501
_tRevista Brasileira de Plantas Medicinais (Brazil)
_x1516-0572
_gv. 16(2 suppl. 1) p. 329-336; (2014)
_wBR2024000768
856 _uhttps://www.scielo.br/j/rbpm/a/tVVjzfz4h9PxwcxND3xknHz/?format=pdf&lang=pt
942 _cAnalítica
999 _c299612
_d299612